Statistiques concernant Top 10 ballon d'or 2006.

Cliquez ici pour prendre le quiz!

Statistiques générales

  • Ce quiz a été pris 97 fois
  • Le résultat moyen est 7 sur 10

Statistiques - réponses

PointsJoueursClubs% Correct
121Thierry HenryArsenal
93%
173Fabio CannavaroJuve/ Real
89%
71Zinedine ZidaneReal
88%
73RonaldinhoBarca
76%
124Gianluigi BuffonJuve
73%
67Samuel Eto'oBarca
71%
25Didier DrogbaChelsea
64%
17Andrea PirloMilan
60%
29Miroslav KloseWerder
36%
13Jens LehmannArsenal
12%

Distribution des résultats

Percentile par nombre de réponses

% des personnes avec chaque résultat

Votre développement - résultats

Vous n’avez pas pris ce quiz